Belgien-Quiz - Sudden Death - Statistiken

Allgemein
  • Dieses Quiz wurde 132 mal gespielt
  • Das Durchschnittsergebnis liegt bei 6 aus 10
Answers on the Grid
Answers color-coded by a green-red scale on the quiz's grid according to % correct below.
Dies ist die Flagge Belgiens: 🇧🇪
Belgien gilt als eines der Gründungsmitglieder der EU
Belgien ist Mitglied der Europäischen Union
Belgien ist ein Binnenstaat
Belgien grenzt an Monaco
Belgien ist flächenmäßig größer als Bosnien-Herzegowina
Das BIP pro Kopf von Belgien ist höher als das von Deutschland
Die Hauptstadt Belgiens ist Brüssel
In Belgien leben mehr Frauen als Männer
Das KFZ-Kennzeichen von Belgien lautet "BG"
Belgien hat bereits zweimal den ESC gewonnen
Die Amtssprache von Belgien ist Belgisch
Belgien grenzt an ein Land mit dieser Flagge: 🇱🇺
Der Sitz der Europäischen Union befindet sich in Belgien
Antwerpen ist die größte Stadt Belgiens
Belgien hat weniger Einwohner als Bosnien und Serbien gemeinsam
Belgien hat 5 Nachbarländer
Im Belgien zahlt man mit der Krone
Belgien ist in der NATO
Die "Kleine Meerjungfrau" steht in der Hauptstadt Belgiens
 
Antwortstatistiken
Antwort % Korrekt
Die Hauptstadt Belgiens ist Brüssel
81%
Dies ist die Flagge Belgiens: 🇧🇪
80%
Belgien ist Mitglied der Europäischen Union
76%
Belgien grenzt an ein Land mit dieser Flagge: 🇱🇺
72%
Belgien ist in der NATO
67%
Der Sitz der Europäischen Union befindet sich in Belgien
67%
Belgien gilt als eines der Gründungsmitglieder der EU
65%
In Belgien leben mehr Frauen als Männer
36%
Antwerpen ist die größte Stadt Belgiens
26%
Das BIP pro Kopf von Belgien ist höher als das von Deutschland
13%
Keine übereinstimmenden Quizze gefunden
Verteilung der Resultate
Anzahl Personen mit jedem Resultat
Perzentil nach korrekt beantworteten Fragen
Ihre Resultats-Entwicklung
Sie haben dieses Quiz noch nicht gespielt